Mochovce mesačník Slovenských elektrární

Bibliographic Details
New Title:Atóm.sk
Format: Newspaper
Language:Slovak
PhysicalDescription:17 zv. 42 cm
Published: Mochovce Atómové elektrárne 1989-2006
Mochovce SEP-EMO
ISSN:1337-8287
Subjects:

MARC

LEADER 00000cas a2200000 a 4500
001 vtls008420511
003 SK-MaSNL
005 20260228161043.0
008 051222d19892006xo mr|ner 0 b0slo
035 |a (SVKBB03)vtls000047640 
040 |a SVKPO  |b slo  |c SVKPO  |d SVKBB  |d SNK  |e AACR2 
041 0 |a slo 
044 |a xo  |c SK 
072 7 |a 620.9  |x Energetika  |2 konspekt 
072 7 |a 621.039  |x Jadrová technika  |2 konspekt 
072 7 |a 621.3  |x Elektrotechnika  |2 konspekt 
080 |a 621.039  |2 2011 
080 |a 621.311.25  |2 2011 
080 |a 620.9  |2 2011 
080 |a 050  |2 2011 
080 |a (085.3)  |2 2011 
245 0 0 |a Mochovce  |b mesačník Slovenských elektrární 
247 1 1 |a Mochovce Spravodajca  |b spravodaj pracujúcich Atómových elektrární Mochovce  |f 1989-1995 
260 |a Mochovce  |b Atómové elektrárne  |c 1989-2006 
260 2 |3 1993-2006  |a Mochovce  |b SEP-EMO 
300 |a 17 zv.  |c 42 cm 
310 |a 1x mesačne 
500 |a Podnázov v r. 1996-2005: mesačník Atómových elektrární Mochovce 
500 |a Registračné č.: OÚ 1/96 
515 |a R. 2003 má uvedený roč. 17(20) ; r. 2004 roč. 18(21) ; r. 2005 roč. 19(22) ; r. 2006 roč. 20(23) 
650 0 7 |a energetika  |2 SNKPH  |9 3680 
650 0 7 |a energia  |2 SNKPH  |9 15416 
650 0 7 |a jadrová energia  |2 SNKPH  |9 69291 
650 0 7 |a jadrové elektrárne  |2 SNKPH  |9 15295 
650 7 |a firemné časopisy  |2 SNKPH  |9 64192 
785 0 0 |t Atóm.sk  |x 1337-8287  |w vtls008939144 
850 |a Štátna vedecká knižnica v Prešove 
910 |a snk 
999 |c 4185  |d 6115 
952 |0 0  |1 0  |4 0  |7 0  |8 0  |a SNK  |b SNK  |d 2019-03-12  |i snk2019/6592  |l 0  |o snkČSA 1473/11/1999  |p 17A1344196  |r 2026-02-21 21:50:53  |t č. 1-12  |w 2026-02-21  |y PREZ 
952 |0 0  |1 0  |4 0  |7 0  |8 0  |a SNK  |b SNK  |d 2019-03-12  |i snk2019/6593  |l 0  |o snkČSA 1473/12/2000  |p 17A1344197  |r 2026-02-21 21:50:53  |t č. 1-12  |w 2026-02-21  |y PREZ 
952 |0 0  |1 0  |4 0  |7 0  |8 0  |a SNK  |b SNK  |d 2019-03-12  |i snk2019/6594  |l 0  |o snkČSA 1473/13/2001  |p 17A1344198  |r 2026-02-21 21:50:53  |t č. 1-12  |w 2026-02-21  |y PREZ 
952 |0 0  |1 0  |4 0  |7 0  |8 0  |a SNK  |b SNK  |d 2019-03-12  |i snk2019/6595  |l 0  |o snkČSA 1473/14/2002  |p 17A1344199  |r 2026-02-21 21:50:53  |t č. 1-12  |w 2026-02-21  |y PREZ 
952 |0 0  |1 0  |4 0  |7 0  |8 0  |a SNK  |b SNK  |d 2019-03-12  |i snk2019/6596  |l 0  |o snkČSA 1473/17(20)/2003  |p 17A1344200  |r 2026-02-21 21:50:53  |t č. 1-12  |w 2026-02-21  |y PREZ 
952 |0 0  |1 0  |4 0  |7 0  |8 0  |a SNK  |b SNK  |d 2019-03-12  |i snk2019/6597  |l 0  |o snkČSA 1473/18(21)/2004  |p 17A1344201  |r 2026-02-21 21:50:53  |t č. 1-12  |w 2026-02-21  |y PREZ 
952 |0 0  |1 0  |4 0  |7 0  |8 0  |a SNK  |b SNK  |d 2019-03-12  |i snk2019/6598  |l 0  |o snkČSA 1473/19(22)/2005  |p 17A1344202  |r 2026-02-21 21:50:53  |t č. 1-12  |w 2026-02-21  |y PREZ 
952 |0 0  |1 0  |4 0  |7 0  |8 0  |a SNK  |b SNK  |d 2019-03-12  |i snk2019/6599  |l 0  |o snkČSA 1473/20(23)/2006  |p 17A1344203  |r 2026-02-21 21:50:53  |t č. 1-12  |w 2026-02-21  |y PREZ